A New Beginning (Record no. 195686)
[ view plain ]
| 000 -LEADER | |
|---|---|
| fixed length control field | 00675nam a22002177a 4500 |
| 005 - DATE AND TIME OF LATEST TRANSACTION | |
| control field | 20230417161509.0 |
| 010 ## - LCCN (DPL NO) | |
| LC control number | ENG-136690 |
| 020 ## - INTERNATIONAL STANDARD BOOK NUMBER | |
| Terms of availability | 175.00 |
| International Standard Book Number | 9789387989603 |
| 035 ## - SYSTEM CONTROL NUMBER | |
| System control number | EN-120221 |
| 037 ## - SOURCE OF ACQUISITION | |
| Source of stock number/acquisition | DBAD/PUB |
| 082 ## - DEWEY DECIMAL CLASSIFICATION NUMBER | |
| Classification number | S |
| 100 ## - MAIN ENTRY--PERSONAL NAME | |
| Personal name | Nadan, Nanjil |
| 245 00 - TITLE STATEMENT | |
| Title | A New Beginning |
| Remainder of title | By Nanjil Nadan And Translated By Gita Subramanium |
| 250 ## - EDITION STATEMENT | |
| Edition statement | First |
| 260 ## - PUBLICATION, DISTRIBUTION, ETC. (IMPRINT) | |
| Place of publication, distribution, etc | New Delhi |
| Name of publisher, distributor, etc | Sahitya Akademi |
| Date of publication, distribution, etc | 2018 |
| 270 ## - ADDRESS | |
| City | New Delhi |
| Address | Rabindra Bhawan,35 Ferozeshah Road |
| Postal code | 110001 |
| Telephone number | 011-23386626/27/28 |
| Electronic mail address | secretary@sahityaakademi.gov.in |
| 300 ## - PHYSICAL DESCRIPTION | |
| Extent | 190.; |
| Dimensions | 21cm(pbk) |
| 500 ## - GENERAL NOTE | |
| General note | Includes index |
| 700 ## - ADDED ENTRY--PERSONAL NAME | |
| Personal name | Gita Subramanium |
| Relator term | Translated |
| 942 ## - ADDED ENTRY ELEMENTS (KOHA) | |
| Source of classification or shelving scheme | Dewey Decimal Classification |
| Item type | English Books |
| Call number suffix | MAD |
| Classification part | S |
| Withdrawn status | Lost status | Not for loan | Collection code | Home library | Current library | Date acquired | Source of acquisition | Cost, normal purchase price | Full call number | Barcode | Copy number | Cost, replacement price | Koha item type |
|---|---|---|---|---|---|---|---|---|---|---|---|---|---|
| Non-fiction | Shahdara Branch | Shahdara Branch | 17/04/2023 | DBAD/PUB | 175.00 | S MAD | EN-120221 | 1 | 175.00 | English Books |
